000 00643nam a22002297a 4500
001 32493
003 UA-OsUOA
005 20220527144013.0
007 ta
008 20050203b un ||||| |||| 00| 0 ukr d
040 _aUA-OsUOA
_brus
_cUA-OsUOA
_dUA-OsUOA
041 _arus
044 _aRU
080 _a821.161.1
090 _a821.161.1
_bР89
245 _aРусская поэзия XVIII века
_cвступ. статья Г. Макогоненко
260 _aМосква
_bХудожественная литература
_c1972
300 _a734 с.
_bІлюстрації
650 7 _2UDC
942 _cBK
_2udc
955 _a0
999 _c318938
_d318938